Brahmanic settlements in different subdivisions of ancient Bengal. (Record no. 87116)

MARC details
000 -LEADER
fixed length control field 00681cam a22002051 4500
001 - CONTROL NUMBER
control field sa 68016471
003 - CONTROL NUMBER IDENTIFIER
control field DLC
005 - DATE AND TIME OF LATEST TRANSACTION
control field 20260227112654.0
008 - FIXED-LENGTH DATA ELEMENTS--GENERAL INFORMATION
fixed length control field 700629s1967 ii b 00000 eng
010 ## - LIBRARY OF CONGRESS CONTROL NUMBER
LC control number sa 68016471 //r85
025 ## - OVERSEAS ACQUISITION NUMBER
Overseas acquisition number PL480:I-E-9094
050 0# - LIBRARY OF CONGRESS CALL NUMBER
Classification number BL1150
Item number .N57
082 ## - DEWEY DECIMAL CLASSIFICATION NUMBER
Classification number 294.5/0954/14
100 10 - MAIN ENTRY--PERSONAL NAME
Personal name Niyogi, Puspa.
245 10 - TITLE STATEMENT
Title Brahmanic settlements in different subdivisions of ancient Bengal.
Statement of responsibility, etc. With a foreword by Benoy Chandra Sen.
260 0# - PUBLICATION, DISTRIBUTION, ETC.
Place of publication, distribution, etc. [Calcutta]
Name of publisher, distributor, etc. Indian Studies: Past & Present
Date of publication, distribution, etc. [1967]
300 ## - PHYSICAL DESCRIPTION
Extent 11, 90 p.
Dimensions 25 cm.
504 ## - BIBLIOGRAPHY, ETC. NOTE
Bibliography, etc. note Bibliographical references included in "abbreviations": p. [76]-77.
650 #0 - SUBJECT ADDED ENTRY--TOPICAL TERM
Topical term or geographic name entry element Brahmans
Geographic subdivision India
-- Bengal.

No items available.

Powered by Koha